[Event "8th Gibtelecom Masters"]
[Site "Caleta ENG"]
[Date "2010.02.04"]
[Round "10"]
[White "Avalos Parra,J"]
[Black "Speelman,J"]
[Result "0-1"]
[WhiteElo "2245"]
[BlackElo "2525"]

1.d4 Nf6 2.c4 e6 3.Nf3 c5 4.g3 cxd4 5.Nxd4 Bb4+ 6.Bd2 Be7 7.Bg2 Nc6 8.Nb3 O-O
9.O-O d6 10.Bf4 e5 11.Bg5 Be6 12.Bxf6 Bxf6 13.N1d2 a5 14.Ne4 Bxc4 15.Qxd6 Be7
16.Qxd8 Rfxd8 17.Nc3 a4 18.Nc1 Be6 19.Nd3 f6 20.Rfc1 Kf7 21.Nb5 Rac8 22.Kf1 Na5
23.Nc3 Rc4 24.f4 exf4 25.Nxf4 Rb4 26.Ncd5 Rxb2 27.Nxe7 Kxe7 28.Rc7+ Bd7 29.Rd1 Rb5
30.Bh3 f5 31.e4 g6 32.Nd5+ Kd6 33.Rxd7+ Kxd7 34.Nc3+ Ke7 35.Rxd8 Rb2 36.Rd4 b5
37.exf5 gxf5 38.Bxf5 Nc4 39.Bxh7 a3 40.Rd3 b4 41.Nd5+ Kf8 42.Kg1 b3 43.axb3 Ne5
44.Rc3 a2 45.Rc8+ Kg7 46.Rc7+ Kh6 47.Ra7 Nf3+ 48.Kf1 Nxh2+ 49.Kg1 Nf3+ 50.Kf1 Nd2+
51.Ke1 Nxb3 52.Nc3 a1=Q+ 53.Rxa1 Nxa1 54.Bf5 Kg5 55.Bd7 Nb3 56.Ne4+ Kg6 57.Nf2 Nd4
58.Nd3 Nf3+ 59.Kf1 Rd2 60.Nf4+ Kf6 61.Bg4 Ng5 62.Ke1 Ra2 63.Ne2 Ne4 64.Kf1 Ra3
65.Kg2 Re3 66.Bf3 Ke5 67.Nf4 Ng5 68.Bd1 Ra3 69.Bg4 Ke4 70.Kf2 Ra2+ 71.Ne2 Kd3
72.Bf5+ Ne4+  0-1

[Event "4NCL 2009-10"]
[Site "Hinckley Island ENG"]
[Date "2010.02.20"]
[Round "5"]
[White "Piper,M"]
[Black "Speelman,J"]
[Result "1/2-1/2"]
[WhiteElo "2304"]
[BlackElo "2525"]

1.e4 c6 2.Nc3 d5 3.Nf3 Bg4 4.h3 Bxf3 5.Qxf3 e6 6.Be2 Nf6 7.O-O Nbd7 8.d4 dxe4
9.Nxe4 Nxe4 10.Qxe4 Nf6 11.Qd3 Bd6 12.Bg5 h6 13.Bh4 g5 14.Bg3 Qc7 15.Qf3 Ke7
16.c4 Rad8 17.Rad1 a6 18.Qe3 Bf4 19.Bxf4 Qxf4 20.Qb3 Rd7 21.d5 cxd5 22.cxd5 Nxd5
23.Bf3 Rhd8 24.Bxd5 exd5 25.Qb6 f6 26.Rd3 Kf7 27.Rd4 Qe5 28.Rfd1 Qe6 29.Qb4 b5
30.Re1 Qd6 31.Qd2 Re7 32.Rxe7+ Qxe7 33.Rxd5 Rxd5 34.Qxd5+ Qe6 35.Qb7+ Kg6
36.b3 h5 37.Qf3 Qe1+ 38.Kh2 Qe5+ 39.g3 h4 40.Kg2 hxg3 41.fxg3 Qb2+ 42.Qf2 Qc3  1/2-1/2

[Event "4NCL 2009-10"]
[Site "Sunningdale ENG"]
[Date "2010.05.01"]
[Round "9"]
[White "Speelman,J"]
[Black "Anderton,M"]
[Result "1-0"]
[WhiteElo "2525"]
[BlackElo "2232"]

1.Nf3 Nf6 2.c4 e6 3.Nc3 c5 4.g3 Nc6 5.Bg2 Qb6 6.O-O Be7 7.b3 O-O 8.Bb2 Rd8
9.d4 cxd4 10.Na4 Qc7 11.Nxd4 d6 12.Rc1 Bd7 13.Nc3 Qb6 14.e3 Be8 15.Nde2 Rac8
16.h3 a6 17.g4 h6 18.Ng3 Ne5 19.Nce4 Nxe4 20.Bxe4 Bc6 21.Bxc6 Qxc6 22.f4 Ng6
23.Qf3 Qxf3 24.Rxf3 d5 25.cxd5 Rxc1+ 26.Bxc1 Rxd5 27.Rf1 Bc5 28.Kg2 Nh4+
29.Kf2 e5 30.f5 Bb6 31.Ne4 Rd7 32.Bd2 Rc7 33.Rc1 Rxc1 34.Bxc1 Bc7 35.Kg3 Bd8
36.Nc5 g6 37.e4 g5 38.Bd2 Bb6  1-0

[Event "4NCL 2010-11"]
[Site "Daventry ENG"]
[Date "2010.11.06"]
[Round "1.15"]
[White "Roberson,P"]
[Black "Speelman,J"]
[Result "0-1"]
[WhiteElo "2291"]
[BlackElo "2524"]

1.e4 e6 2.d4 d5 3.Nd2 c5 4.Ngf3 cxd4 5.Nxd4 Nf6 6.exd5 Qxd5 7.Nb5 Na6 8.Nc3 Qd8
9.a3 Be7 10.Be2 O-O 11.O-O Qc7 12.Bf3 Bd7 13.Qe2 Rac8 14.Nb3 Nc5 15.Nxc5 Bxc5
16.Bg5 Bd4 17.Bd2 a6 18.Rfd1 Bc6 19.Be1 e5 20.Bxc6 Qxc6 21.Rd3 Rfe8 22.Rad1 b5
23.Bd2 h6 24.Rg3 Kf8 25.Kf1 Rcd8 26.Nb1 Ne4 27.Rf3 Nxd2+ 28.Qxd2 e4 29.Rb3 Qf6
30.Qe2 Bxf2 31.Rxd8 Ba7+ 32.Rf3 Qxd8 33.Rf4 Qd4 34.Ke1 Qxb2 35.Qd1 Qe5 36.g3 Be3
37.Rf1 g6  0-1

[Event "4NCL 2010-11"]
[Site "Daventry ENG"]
[Date "2010.11.07"]
[Round "2.15"]
[White "Speelman,J"]
[Black "Mah,K"]
[Result "1/2-1/2"]
[WhiteElo "2524"]
[BlackElo "2428"]

1.Nf3 Nf6 2.c4 c6 3.b3 d5 4.Bb2 Nbd7 5.e3 e6 6.d4 Ne4 7.Bd3 Bb4+ 8.Nbd2 f5
9.a3 Bd6 10.Ne5 Nxe5 11.dxe5 Be7 12.Qc2 Nxd2 13.Qxd2 b6 14.Qc2 h5 15.cxd5 cxd5
16.Bd4 Bb7 17.b4 Kf7 18.O-O Qd7 19.Qe2 g6 20.Rfb1 Bc6 21.a4 Rhb8 22.b5 Bb7
23.a5 Bc5 24.a6 Bc8 25.Rc1 Qe7 26.Qc2 Bxd4 27.exd4 Bd7 28.Qd2 Rc8 29.Qh6 Qf8
30.Qg5 Qe7 31.Qxe7+ Kxe7 32.h4 Rxc1+ 33.Rxc1 Rc8 34.Rxc8 Bxc8 35.Kh2 Kf8
36.Kg3 Kg7 37.Kf4 Kh6 38.f3 Bd7 39.g4 fxg4 40.fxg4 hxg4 41.Kxg4 Be8  1/2-1/2

[Event "4NCL 2010-11"]
[Site "Hinckley Island ENG"]
[Date "2011.01.15"]
[Round "3.15"]
[White "Speelman,J"]
[Black "Rogers,Jo"]
[Result "0-1"]
[WhiteElo "2524"]
[BlackElo "2338"]

1.Nf3 Nf6 2.c4 e6 3.Nc3 Bb4 4.e3 O-O 5.Be2 d5 6.a3 Bxc3 7.bxc3 b6 8.cxd5 exd5
9.c4 dxc4 10.Bxc4 Nc6 11.Bb2 Na5 12.Be2 Re8 13.O-O Nd5 14.Qc2 Qd6 15.Bd3 h6
16.Rac1 c5 17.Nh4 Qc6 18.f4 c4 19.Be2 Bb7 20.Bf3 Qc5 21.Bd4 Qxa3 22.Nf5 Nb3
23.Bb2 Qa2 24.Bxd5 Bxd5 25.Qc3 f6 26.Nxg7 Nxc1 27.Rxc1 Qa5 28.Qxf6 Qxd2 29.Qg6 Qxe3+
30.Kf1 Qxf4+ 31.Kg1 Qe3+ 32.Kf1 Qf4+ 33.Kg1 Qe3+ 34.Kf1 Qd3+ 35.Qxd3 cxd3
36.Nxe8 Rxe8 37.Bd4 Re2 38.Bf2 b5 39.Re1 Bc4 40.Rxe2 d2  0-1

[Event "Gibraltar Masters"]
[Site "Caleta ENG"]
[Date "2011.01.25"]
[Round "1.42"]
[White "Speelman,J"]
[Black "Montero Melendez,R"]
[Result "1/2-1/2"]
[WhiteElo "2524"]
[BlackElo "2265"]

1.d4 d5 2.Nf3 c6 3.Bf4 Qb6 4.Qc1 Bg4 5.Ne5 Bf5 6.e3 Nf6 7.Be2 h6 8.c4 e6
9.Nc3 Nbd7 10.c5 Qd8 11.b4 Nxe5 12.Bxe5 Be7 13.O-O O-O 14.Qd2 Re8 15.Rfd1 Bf8
16.b5 Nd7 17.Bg3 Qc8 18.a4 a6 19.bxc6 Qxc6 20.a5 Rad8 21.Bd3 Bxd3 22.Qxd3 e5
23.Rab1 g6 24.Qc2 Bg7 25.Qb3 Nf8 26.Bxe5 Bxe5 27.dxe5 Rxe5 28.Qxb7 Qxc5 29.Ne2 Re7
30.Qb6 Qxb6 31.Rxb6 Re6 32.Nd4 Rxb6 33.axb6 Rb8 34.Nc6 Rxb6 35.Ne7+ Kg7 36.Nxd5 Rd6
37.e4 Nd7 38.f3 Nb6 39.Kf2 Nxd5 40.exd5 Kf6 41.Ke3 Ke7 42.Ra1  1/2-1/2

[Event "Gibraltar Masters"]
[Site "Caleta ENG"]
[Date "2011.01.26"]
[Round "2.33"]
[White "Nikolaidis,K"]
[Black "Speelman,J"]
[Result "0-1"]
[WhiteElo "2284"]
[BlackElo "2524"]

1.e4 g6 2.d4 Bg7 3.Nc3 d6 4.Be3 a6 5.a4 Nf6 6.Qd2 O-O 7.h3 Nc6 8.d5 Nb4 9.Nf3 e6
10.Bc4 Re8 11.O-O c6 12.dxc6 bxc6 13.Rfd1 d5 14.a5 Qe7 15.exd5 cxd5 16.Bb3 Ne4
17.Nxe4 dxe4 18.Nd4 Bb7 19.Bg5 Qf8 20.Ba4 Reb8 21.c3 Nd3 22.Rab1 h6 23.Be3 Rc8
24.Bb3 Kh7 25.Qe2 Qd8 26.Bc2 Qxa5 27.Bxd3 exd3 28.Qxd3 Qc7 29.Ra1 Rd8 30.Qe2 Bd5
31.Nc2 a5 32.Na3 Rdb8 33.Rd2 Qc6 34.f3 e5 35.c4 Be6 36.c5 e4 37.f4 Rb4 38.Nb1 Bc4
39.Qf2 Bd3 40.Nc3 f5 41.g4 Qe6 42.gxf5 Qxf5 43.Kh2 a4 44.Na2 Rc4 45.Rad1 Rd8
46.Nc1 Bf8 47.b3 axb3 48.Nxb3 Bg7 49.Na5 Ra4 50.Nb7 Rf8 51.Nd6 Qe6 52.Rc1 g5
53.f5 Be5+ 54.Kg1 Qd5 55.Nb5 Rb4 56.Na3 Bc7 57.f6 Kg6 58.Qg2 Rxf6 59.Rcd1 Rf3
60.Bf2 Bf4 61.Qxf3 exf3 62.Rxd3 Qe4 63.Nc2 Rb1  0-1

[Event "Gibraltar Masters"]
[Site "Caleta ENG"]
[Date "2011.01.27"]
[Round "3.13"]
[White "Speelman,J"]
[Black "Sasikiran,K"]
[Result "0-1"]
[WhiteElo "2524"]
[BlackElo "2690"]

1.Nf3 Nf6 2.c4 c5 3.Nc3 d5 4.cxd5 Nxd5 5.e3 Nxc3 6.bxc3 g6 7.Bb5+ Bd7 8.Qb3 Nc6
9.Ba3 b6 10.Rb1 Bg7 11.d4 O-O 12.O-O Na5 13.Qa4 Bf5 14.Rbc1 Qc7 15.dxc5 bxc5
16.Rfd1 Rfd8 17.Nd4 a6 18.Bc6 cxd4 19.Bxa8 Bd7 20.Qb4 Rxa8 21.cxd4 Nc6 22.Qd2 Qd8
23.h3 Na7 24.Qb4 Bf6 25.d5 Rb8 26.Qf4 Nb5 27.Bb4 g5 28.Qg3 h6 29.Re1 Rc8
30.Rxc8 Qxc8 31.Rd1 Qd8 32.Re1 Qc8 33.e4 Qc4 34.a3 Nd4 35.Qb8+ Kh7 36.e5 Bg7
37.Qb7 Bc8 38.Qxe7 Qxd5 39.Qc5 Bb7 40.Qxd5 Bxd5 41.Bd6 Kg6 42.Rd1 Ne2+ 43.Kh2 Nf4
44.g3 Bf3 45.Rb1 Ne6 46.Rb6 Be2 47.Kg2 a5 48.a4 Bd1 49.Ra6 Bxa4 50.f3 Nd4
51.Bb4+ Kh7 52.Bxa5 Bxe5 53.Bc7 Bxc7 54.Rxa4 Be5 55.Ra5 Bf6 56.f4 gxf4 57.gxf4 Kg6
58.Kg3 Bg7 59.Rd5 f5 60.Rd6+ Bf6 61.Kf2 Nb5 62.Rb6 Nc3 63.Kf3 Nd5 64.Rd6 Ne7
65.Ra6 Kf7 66.Rd6 Ng6 67.Ra6 Be7 68.Rb6 h5 69.Ra6 h4 70.Rb6 Nf8 71.Ra6 Ne6
72.Ra7 Kf6 73.Rd7 Bd8 74.Rh7 Kg6 75.Rd7 Bf6 76.Rd6 Kf7 77.Rd5 Ng7 78.Rd6 Be7
79.Ra6 Bb4 80.Ra7+ Kf6 81.Ra6+ Ne6 82.Ke2 Kf7 83.Ra7+ Be7 84.Kf3 Kf6 85.Rb7 Bf8
86.Rh7 Bg7 87.Rxh4 Kg6 88.Rg4+ fxg4+ 89.hxg4 Nc5 90.f5+ Kg5 91.f6 Bxf6 92.Kg2 Kxg4
93.Kh1 Kf3 94.Kg1 Ne4 95.Kf1 Bd4 96.Ke1 Bf2+ 97.Kd1 Ke3 98.Kc2 Be1 99.Kb3 Kd3  0-1

[Event "Gibraltar Masters"]
[Site "Caleta ENG"]
[Date "2011.01.28"]
[Round "4.37"]
[White "Spence,D"]
[Black "Speelman,J"]
[Result "0-1"]
[WhiteElo "2231"]
[BlackElo "2524"]

1.e4 g6 2.d4 Bg7 3.Nc3 c6 4.Nf3 d6 5.Be3 Nf6 6.h3 Qa5 7.Qd2 Nbd7 8.a3 O-O
9.Bc4 Qc7 10.Ba2 c5 11.O-O a6 12.a4 b6 13.Rfe1 cxd4 14.Bxd4 Ne5 15.Nxe5 dxe5
16.Nd5 Nxd5 17.Bxd5 Bb7 18.Bxb7 Qxb7 19.Be3 e6 20.f3 Rfc8 21.Ra3 Bf8 22.Rb3 Bc5
23.Bxc5 Rxc5 24.Ree3 Qc6 25.Rec3 Rc8 26.Rxc5 Qxc5+ 27.Kh2 Qd4 28.Qxd4 exd4
29.Rxb6 Rxc2 30.Rxa6 Rxb2 31.e5 Ra2 32.a5 d3 33.f4 Ra4 34.Rd6 Rxf4 35.Rxd3 Ra4
36.Rd8+ Kg7 37.Ra8 Re4 38.a6 Rxe5 39.a7 Ra5 40.Kg3 h5 41.Kf4 Kf6 42.Ke4 h4
43.Kf4 Ra4+ 44.Kf3 g5 45.Ke3 Kf5 46.Kf3 Ra3+ 47.Ke2 Kf4 48.Kf2 Ra2+ 49.Kf1 e5
50.Ke1 e4 51.Kf1 Ke3 52.Kg1 Ra1+ 53.Kh2 Kf4  0-1

[Event "Gibraltar Masters"]
[Site "Caleta ENG"]
[Date "2011.01.29"]
[Round "5.27"]
[White "Speelman,J"]
[Black "Dittmar,P"]
[Result "1-0"]
[WhiteElo "2524"]
[BlackElo "2328"]

1.c4 e6 2.Nc3 d5 3.d4 Nf6 4.Nf3 c5 5.cxd5 Nxd5 6.e3 Nc6 7.Bd3 Be7 8.O-O O-O
9.a3 cxd4 10.exd4 b6 11.Qc2 Nf6 12.Be3 Bb7 13.Rad1 Rc8 14.Ne5 Qd6 15.f4 h6
16.Qf2 Nd5 17.Bc1 Qd8 18.Nxd5 Qxd5 19.Bc4 Qd6 20.Ba2 Nxd4 21.Rxd4 Qxd4 22.Qxd4 Bc5
23.Qxc5 Rxc5 24.Be3 Rc2 25.Rf2 Rfc8 26.Bb3 Rxf2 27.Kxf2 Be4 28.Bd2 Bd5 29.Bxd5 exd5
30.Bc3 f6 31.Nf3 Kf7 32.Nd4 g5 33.Kf3 gxf4 34.Kxf4 Re8 35.g4 Re4+ 36.Kf3 h5
37.h3 hxg4+ 38.hxg4 a6 39.Nf5 Ke6 40.b3 Kd7 41.Bxf6 Re1 42.g5 Ke6 43.Nd4+ Kf7
44.Kf2 Rb1 45.a4 Kg6 46.Ke2 Rh1 47.Kd2 Rh3 48.Kc2 Re3 49.Kb2 Re8 50.Kc3 Rc8+
51.Kb4 Rc5 52.Bd8 Rc8 53.Bxb6 Kxg5 54.Ka5 Ra8 55.Bc7  1-0

[Event "Gibraltar Masters"]
[Site "Caleta ENG"]
[Date "2011.01.30"]
[Round "6.11"]
[White "Speelman,J"]
[Black "Onischuk,Al"]
[Result "1/2-1/2"]
[WhiteElo "2524"]
[BlackElo "2689"]

1.Nf3 d5 2.g3 Bg4 3.Bg2 c6 4.O-O e6 5.d4 Nd7 6.Nbd2 f5 7.c4 Bd6 8.Qb3 Rb8
9.Re1 Qe7 10.h3 Bxf3 11.exf3 Ngf6 12.f4 O-O 13.Nf1 Rfe8 14.Be3 h5 15.h4 Ng4
16.a3 dxc4 17.Qxc4 Nb6 18.Qb3 Nd5 19.Nd2 Bc7 20.Nf3 Bb6 21.Bd2 Rbd8 22.Re2 Qf6
23.Qc4 Nc7 24.Bc3 Nb5 25.Rd1 Nd6 26.Qb3 Nb5 27.a4 Nxd4 28.Nxd4 Bxd4 29.Rxd4 Rxd4
30.Bxd4 Qxd4 31.Qxb7 Qd1+ 32.Bf1 Qxa4 33.b3 Qd4 34.Qxc6 Kf7 35.Ra2  1/2-1/2

[Event "Gibraltar Masters"]
[Site "Caleta ENG"]
[Date "2011.01.31"]
[Round "7.26"]
[White "Zaremba,An"]
[Black "Speelman,J"]
[Result "0-1"]
[WhiteElo "2339"]
[BlackElo "2524"]

1.e4 g6 2.d4 Bg7 3.Nf3 d6 4.c3 Nf6 5.Bd3 O-O 6.O-O Nc6 7.Qe2 Nd7 8.Na3 e5
9.Nc2 h6 10.Bb5 exd4 11.cxd4 a6 12.Bd3 Re8 13.Be3 Nf6 14.d5 Nb8 15.Nd2 c6
16.dxc6 Nxc6 17.Bc4 d5 18.Bxd5 Nxd5 19.exd5 Ne5 20.Ne4 Ng4 21.Nc3 Qd6 22.g3 Bf5
23.Rad1 Bxc2 24.Qxc2 Rxe3 25.fxe3 Nxe3 26.Qf2 Nxf1 27.Kxf1 Rd8 28.Qf4 Qxf4+
29.gxf4 b5 30.d6 f5 31.Nd5 Kf7 32.Nc7 Bf8 33.d7 Ke7 34.Nxa6 Rxd7 35.Re1+ Kf7
36.Re5 Ra7 37.Nb8 b4 38.Nc6 Rxa2 39.Nd8+ Kf6 40.Re6+ Kg7 41.Re2 Bd6 42.Kg2 b3
43.Ne6+ Kf6 44.Nd4 Bxf4 45.Nxb3 Be5 46.Nc5 Rxb2 47.Nd7+ Ke7  0-1

[Event "Gibraltar Masters"]
[Site "Caleta ENG"]
[Date "2011.02.01"]
[Round "8.9"]
[White "Nisipeanu,LD"]
[Black "Speelman,J"]
[Result "1/2-1/2"]
[WhiteElo "2678"]
[BlackElo "2524"]

1.e4 e6 2.d4 d5 3.Nd2 c5 4.exd5 Qxd5 5.Ngf3 cxd4 6.Bc4 Qd6 7.Qe2 Nc6 8.Ne4 Qc7
9.O-O Be7 10.Rd1 Nf6 11.Nxd4 Nxd4 12.Rxd4 O-O 13.Bg5 Nxe4 14.Bxe7 Nc3 15.Qd3 Qxe7
16.Qxc3 Bd7 17.Bd3 Bc6 18.Bxh7+ Kxh7 19.Qh3+ Kg8 20.Rh4 f5 21.Rh8+ Kf7 22.Qh5+ Kf6
23.Qh4+ Kf7 24.Qh5+ Kf6 25.Qh4+  1/2-1/2

[Event "Gibraltar Masters"]
[Site "Caleta ENG"]
[Date "2011.02.03"]
[Round "10.25"]
[White "Vaibhav,S"]
[Black "Speelman,J"]
[Result "1-0"]
[WhiteElo "2421"]
[BlackElo "2524"]

1.e4 g6 2.d4 Bg7 3.Nc3 d6 4.Be3 c6 5.h3 Nd7 6.Nf3 b5 7.Bd3 Qc7 8.O-O Ngf6
9.a4 b4 10.Ne2 O-O 11.c3 bxc3 12.bxc3 e5 13.Qc2 Re8 14.dxe5 dxe5 15.a5 Bf8
16.Bc4 h6 17.Qc1 Nxe4 18.Bxh6 Nd6 19.Ba2 Ba6 20.Re1 e4 21.Nh2 Ne5 22.Bxf8 Rxf8
23.Qg5 Ndc4 24.Ng3 f6 25.Qh6 f5 26.Nxe4 fxe4 27.Rxe4 Qg7 28.Qxg7+ Kxg7 29.f4 Nd3
30.Bxc4 Bxc4 31.Rxc4 Nxf4 32.Ng4 Rae8 33.Ra2 Re2 34.Rxe2 Nxe2+ 35.Kh2 Rf5
36.Re4 Nxc3 37.Re7+ Rf7 38.Rxf7+ Kxf7 39.Ne5+ Ke6 40.Nxc6 Nb5 41.h4 Kd6 42.Nb4 Nd4
43.Nd3 Nc6 44.Nf4 g5 45.hxg5 Nxa5 46.Kg3 Nc6 47.Nd3 a5 48.Kf4 a4 49.Nb2 a3
50.Nc4+ Ke6 51.Nxa3 Ne5 52.Nc2 Nd3+ 53.Kg4 Ne5+ 54.Kf4 Nd3+ 55.Kg4 Ne5+ 56.Kh5 Kf5
57.Nd4+ Kf4 58.Nf3  1-0

[Event "4NCL 2010-11"]
[Site "Daventry ENG"]
[Date "2011.03.26"]
[Round "7.15"]
[White "Hulmes,D"]
[Black "Speelman,J"]
[Result "1/2-1/2"]
[WhiteElo "2255"]
[BlackElo "2524"]

1.e4 g6 2.d4 Bg7 3.Nc3 c6 4.f4 Qb6 5.Nf3 d5 6.e5 Bg4 7.Be2 e6 8.h3 Bxf3 9.Bxf3 h5
10.Ne2 h4 11.b3 Nh6 12.Be3 Nf5 13.Bf2 Bf8 14.O-O Be7 15.c4 Qd8 16.Qd3 Kf8
17.a3 Kg7 18.Rfc1 Qd7 19.c5 Na6 20.b4 Nc7 21.Rab1 Rhb8 22.Rb3 Qe8 23.Qd1 Qh8
24.Qe1 Qh6 25.Bg4 Kh8 26.Rc2 a6 27.Qc1 Rg8 28.a4 Rg7 29.Be3 g5 30.fxg5 Bxg5
31.Bxf5 exf5 32.Bxg5 Qxg5 33.Qxg5  1/2-1/2

[Event "4NCL 2010-11"]
[Site "Daventry ENG"]
[Date "2011.03.27"]
[Round "8.14"]
[White "Speelman,J"]
[Black "Bellin,R"]
[Result "1/2-1/2"]
[WhiteElo "2524"]
[BlackElo "2367"]

1.Nf3 e6 2.b3 f5 3.Bb2 Nf6 4.e3 Be7 5.Be2 O-O 6.O-O d6 7.d4 Ne4 8.Ne1 Bf6
9.f3 Ng5 10.Nd3 Nc6 11.c4 e5 12.d5 e4 13.fxe4 Bxb2 14.Nxb2 Qf6 15.dxc6 Qxb2
16.Nd2  1/2-1/2

[Event "London League 2010-11"]
[Site "London ENG"]
[Date "2011.04.18"]
[Round "11"]
[White "Mah,K"]
[Black "Speelman,J"]
[Result "0-1"]
[WhiteElo "2428"]
[BlackElo "2521"]

1.Nf3 b6 2.d4 Bb7 3.Bg5 Nf6 4.Nbd2 e6 5.e4 h6 6.Bxf6 Qxf6 7.Bd3 g6 8.Qe2 Bg7
9.h4 Qe7 10.c3 c5 11.e5 cxd4 12.Nc4 O-O 13.cxd4 Bxf3 14.Qxf3 Nc6 15.h5 Qb4+
16.Kf1 b5 17.a3 Qb3 18.Nd6 Qxb2 19.Re1 Qxd4 20.Nxb5 Qc5 21.hxg6 fxg6 22.Qe3 Qxe3
23.Rxe3 Nxe5 24.Ke2 Rab8  0-1

[Event "4NCL 2011-12"]
[Site "Staverton Park ENG"]
[Date "2011.11.12"]
[Round "1.11.3"]
[White "Speelman,J"]
[Black "Munson,S"]
[Result "1-0"]
[WhiteElo "2507"]
[BlackElo "2201"]

1.Nf3 d5 2.g3 Nf6 3.Bg2 Bf5 4.d3 e6 5.Nh4 Bg4 6.h3 Bh5 7.c4 c6 8.Qb3 b6 9.cxd5 exd5
10.Nc3 Bc5 11.g4 Bxg4 12.hxg4 Nxg4 13.e3 Qf6 14.Bf3 Ne5 15.Be2 g5 16.Ng2 Nf3+
17.Kf1 h5 18.Nxd5 cxd5 19.Qxd5 Nc6 20.Qxf3 Qg6 21.Rxh5 O-O-O 22.Qh3+  1-0

[Event "4NCL 2011-12"]
[Site "Staverton Park ENG"]
[Date "2011.11.13"]
[Round "2.11.3"]
[White "Fernandez,Dan SIN"]
[Black "Speelman,J"]
[Result "1-0"]
[WhiteElo "2344"]
[BlackElo "2507"]

1.e4 g6 2.d4 Bg7 3.Nf3 d6 4.Be3 Nf6 5.Bd3 O-O 6.h3 c5 7.c3 b6 8.Nbd2 e6 9.O-O Bb7
10.Qe2 Nbd7 11.a4 a6 12.b4 h6 13.bxc5 bxc5 14.Rfb1 Qc7 15.Bf4 Nh5 16.Bh2 e5
17.dxe5 dxe5 18.g3 Rfe8 19.Nh4 Ndf6 20.a5 Rad8 21.Rb6 Bc8 22.Bxa6 Bxa6 23.Rxa6 Qd7
24.Nhf3 Qxh3 25.Ra7 Rd7 26.Rxd7 Qxd7 27.a6 Qa7 28.Qb5 Rb8 29.Qc6 c4 30.Nxe5  1-0

[Event "I Champions League"]
[Site "Leon ESP"]
[Date "2011.12.16"]
[Round "1"]
[White "Ljubojevic,L"]
[Black "Speelman,J"]
[Result "1/2-1/2"]
[WhiteElo "2571"]
[BlackElo "2507"]

1.c4 b6 2.e4 Bb7 3.Nc3 e6 4.d4 Bb4 5.Bd3 Nc6 6.Nf3 d6 7.Bd2 e5 8.d5 Bxc3
9.Bxc3 Nce7 10.b4 Bc8 11.c5 Nf6 12.a4 O-O 13.O-O Ng6 14.a5 bxc5 15.bxc5 Nf4
16.h3 N6h5 17.Bc2 Qf6 18.Kh2 Nxg2 19.Kxg2 Nf4+ 20.Kh1 Qh6 21.Nh2 Qxh3 22.Qf3 Qxf3+
23.Nxf3 f5 24.Bd2 fxe4 25.Bxe4 Ba6 26.Rg1 Nd3 27.Be3 Rab8 28.cxd6 cxd6 29.Rab1 Rbc8
30.Bxa7 Rf4 31.Nd2 Rh4+ 32.Kg2 Nf4+ 33.Kg3 Rh3+ 34.Kg4 Rf8 35.Rb8 g6 36.Rxf8+ Kxf8
37.Rc1 Kf7 38.Be3 Be2+ 39.f3 h5+ 40.Kg5 Rg3+ 41.Kh6 h4 42.Rc7+ Kf6 43.Bb6 h3
44.Rd7 Ne6 45.dxe6 h2 46.Bd8+ Kxe6 47.Re7+ Kf6  1/2-1/2

[Event "I Champions League"]
[Site "Leon ESP"]
[Date "2011.12.16"]
[Round "2"]
[White "Speelman,J"]
[Black "Sax,G"]
[Result "0-1"]
[WhiteElo "2507"]
[BlackElo "2486"]

1.Nf3 Nf6 2.c4 c5 3.Nc3 Nc6 4.d4 cxd4 5.Nxd4 e6 6.a3 Be7 7.Bf4 a6 8.e3 O-O
9.Be2 d5 10.O-O Nxd4 11.Qxd4 dxc4 12.Qxc4 b5 13.Qc6 Bd7 14.Qb7 Qc8 15.Bf3 Qxb7
16.Bxb7 Ra7 17.Bf3 Rc8 18.Rfd1 Bc6 19.Bxc6 Rxc6 20.Rac1 Rd7 21.Rxd7 Nxd7
22.Kf1 Nb6 23.Be5 Nc4 24.Bd4 Nxb2 25.Ra1 Nc4 26.Nb1 e5 27.Bc3 Nxa3  0-1

[Event "I Champions League"]
[Site "Leon ESP"]
[Date "2011.12.16"]
[Round "3"]
[White "Huebner,R"]
[Black "Speelman,J"]
[Result "1/2-1/2"]
[WhiteElo "2580"]
[BlackElo "2507"]

1.e4 g6 2.d4 Bg7 3.Nf3 d6 4.Nc3 Nf6 5.Be2 O-O 6.O-O c5 7.d5 Na6 8.Re1 Nc7
9.a4 b6 10.a5 Rb8 11.axb6 axb6 12.e5 Ng4 13.exd6 exd6 14.Nb5 Nxb5 15.Bxb5 Bd7
16.Qd3 Ne5 17.Nxe5 Bxe5 18.Bxd7 Qxd7 19.c3 b5 20.Bh6 Rfe8 21.Re3 b4 22.Rae1 bxc3
23.bxc3 Bg7 24.Bxg7 Kxg7 25.c4  1/2-1/2

[Event "Open Mundial de Leon Equipos"]
[Site "Leon ESP"]
[Date "2011.12.17"]
[Round "2"]
[White "Speelman,J"]
[Black "Villemur Tamarit,Juan"]
[Result "1-0"]
[WhiteElo "2507"]
[BlackElo "1659"]

1.Nf3 d5 2.g3 Bf5 3.d3 Nf6 4.Bg2 c6 5.O-O Nbd7 6.c4 e6 7.Qb3 Qb6 8.Be3 Bc5
9.Bxc5 Nxc5 10.Nbd2 O-O 11.Nd4 Bg6  1-0

[Event "Open Mundial de Leon Equipos"]
[Site "Leon ESP"]
[Date "2011.12.17"]
[Round "4"]
[White "Speelman,J"]
[Black "Sanz Sanz,C"]
[Result "1-0"]
[WhiteElo "2507"]
[BlackElo "1747"]

1.Nf3 c5 2.c4 g6 3.Nc3 Bg7 4.e3 e5 5.d4 cxd4 6.exd4 exd4 7.Nxd4 Ne7 8.Ndb5 O-O
9.Nd6 Qa5 10.Be2 Nf5 11.O-O Nxd6 12.Qxd6 Qe5 13.Bf4 Qxd6 14.Bxd6 Re8 15.Rfe1 Bf8
16.Nb5 Bxd6 17.Nxd6 Re6 18.c5 Nc6 19.Bc4 b5 20.Bxb5 Rb8 21.Bc4 Rxe1+ 22.Rxe1 Bb7
23.Bxf7+ Kg7 24.Bd5 Ba6 25.Bxc6 dxc6 26.b3 Kf6 27.f4 Rb4 28.g3 Rd4 29.h4 Rd2
30.Ne4+  1-0

[Event "Open Mundial de Leon Equipos"]
[Site "Leon ESP"]
[Date "2011.12.18"]
[Round "7"]
[White "Calleja Loma,D"]
[Black "Speelman,J"]
[Result "0-1"]
[WhiteElo "1749"]
[BlackElo "2507"]

1.e4 g6 2.d4 Bg7 3.Nf3 d6 4.Be2 Nf6 5.Nc3 O-O 6.O-O c5 7.Be3 Ng4 8.h3 Nxe3
9.fxe3 Nc6 10.dxc5 dxc5 11.Qxd8 Rxd8 12.Bc4 e6 13.Rad1 Bd7 14.Rd6 Be8 15.Rfd1 Rxd6
16.Rxd6 Kf8 17.Kf2 Ke7 18.Rd2 a6 19.Nd1 b5 20.Bf1 Ne5 21.Nxe5 Bxe5 22.c4 b4
23.b3 Bc6 24.Bd3 a5 25.Nb2 Bxb2 26.Rxb2 Kf6 27.g3 Ke5 28.Ke2 a4 29.Bc2 axb3
30.Bxb3 Bxe4 31.Rd2 Bc6 32.Rb2 h5 33.Kf2 g5 34.Bd1 h4 35.gxh4 gxh4 36.Bf3 Bxf3
37.Kxf3 f5 38.Rd2 Ra3 39.Kf2 Ke4 40.Rd6 e5 41.Rd5 Rxa2+ 42.Kf1 Kf3 43.Ke1 e4
44.Rxc5 Kxe3 45.Kf1 f4  0-1

[Event "4NCL 2011-12"]
[Site "Hinckley ENG"]
[Date "2012.01.14"]
[Round "3.15"]
[White "Swindells,Jonathan E"]
[Black "Speelman,J"]
[Result "0-1"]
[WhiteElo "2178"]
[BlackElo "2507"]

1.e4 c6 2.d3 d5 3.Nd2 e5 4.Ngf3 Bd6 5.g3 Nf6 6.Bg2 O-O 7.O-O Re8 8.Nh4 Na6
9.Nb3 Be6 10.h3 Bf8 11.Be3 h6 12.Nf5 Bxf5 13.exf5 Qd7 14.g4 Nh7 15.c3 Be7
16.d4 e4 17.Nd2 Bg5 18.Re1 Qd8 19.Nf1 Nc7 20.Qd2 Bh4 21.Bf4 Nb5 22.Bg3 Nd6
23.Bxh4 Qxh4 24.Qf4 Nc4 25.Re2 h5 26.b3 Nb6 27.Rae1 Nd7 28.Re3 Ndf6 29.Nh2 hxg4
30.hxg4 Ng5 31.Qg3 Qxg3 32.Rxg3 Rec8 33.f3 exf3 34.Bxf3 Re8 35.Kf1 Rxe1+
36.Kxe1 Re8+ 37.Be2 g6 38.Nf1 Kg7 39.Re3 Nfe4 40.fxg6 fxg6 41.Bd3 Rh8 42.Bxe4 Nxe4
43.Ng3 Nxg3 44.Rxg3 Kf6 45.Kf2 Kg5 46.Re3 Kxg4 47.Rg3+ Kf5 48.Rf3+ Ke6 49.Re3+ Kf6
50.Rf3+ Kg7 51.Re3 Rh2+ 52.Kg3 Rxa2 53.Re7+ Kf6 54.Rxb7 Rc2 55.c4 dxc4 56.b4 Ke6
57.Rxa7 Kd5 58.Rd7+ Ke4 59.Rd6 Rb2 60.Rxg6 Kxd4 61.Kf3 Rxb4 62.Rxc6 Kd3 63.Rd6+ Kc2
64.Rc6 c3 65.Ke3 Kb2 66.Kd3 Rb8  0-1

[Event "4NCL 2011-12"]
[Site "Hinckley ENG"]
[Date "2012.01.15"]
[Round "4.17"]
[White "Speelman,J"]
[Black "Plaskett,J"]
[Result "1/2-1/2"]
[WhiteElo "2507"]
[BlackElo "2480"]

1.Nf3 Nf6 2.c4 c5 3.Nc3 e6 4.e3 Nc6 5.d4 d5 6.a3 Ne4 7.Bd3 Nxc3 8.bxc3 Be7
9.O-O O-O 10.h3 b6 11.cxd5 exd5 12.e4 Be6 13.e5 Qd7 14.Re1 f5 15.exf6 Bxf6
16.Ra2 Bf5 17.Rae2 Bxd3 18.Qxd3 cxd4 19.cxd4 Rae8 20.Rxe8 Rxe8 21.Rxe8+ Qxe8
22.Qf5 Nxd4 23.Qxd5+ Kf8 24.Bd2 Nxf3+ 25.Qxf3  1/2-1/2

[Event "4NCL 2011-12"]
[Site "Sunningdale ENG"]
[Date "2012.02.11"]
[Round "5.16"]
[White "Sanders,I"]
[Black "Speelman,J"]
[Result "0-1"]
[WhiteElo "2136"]
[BlackElo "2507"]

1.e4 g6 2.d4 Bg7 3.Nc3 c6 4.Be3 d5 5.e5 Nh6 6.Qd2 Nf5 7.Bd3 Nxe3 8.Qxe3 c5
9.Bb5+ Nc6 10.Nge2 cxd4 11.Nxd4 Bd7 12.e6 Bxd4 13.exd7+ Kf8 14.Qd3 Bxc3+
15.Qxc3 Qa5 16.Qxa5 Nxa5 17.Rd1 e6 18.b4 a6 19.bxa5 axb5 20.Rb1 Ke7 21.Rxb5 Rhd8
22.Kd2 Rxd7 23.Rhb1 Kf6 24.Ke3 Rc7 25.R1b2 Rc4 26.Rxb7 Rxa5 27.Rd7 g5 28.Rbb7 Ra3+
29.Kd2 Rxa2 30.Rxf7+ Ke5 31.g3 Rcxc2+ 32.Kd1 Rxf2 33.Rxf2 Rxf2 34.Rxh7 Ke4
35.Ke1 Ra2 36.h4 g4 37.Re7 e5 38.Rg7 Ke3  0-1

[Event "4NCL 2011-12"]
[Site "Sunningdale ENG"]
[Date "2012.02.12"]
[Round "6.18"]
[White "Speelman,J"]
[Black "Yurenok,M"]
[Result "1-0"]
[WhiteElo "2507"]
[BlackElo "2106"]

1.Nf3 d5 2.c4 c6 3.b3 Bf5 4.Bb2 Nd7 5.d3 Ngf6 6.Nh4 Bg6 7.g3 e5 8.Bg2 Bb4+
9.Nd2 O-O 10.Nxg6 hxg6 11.a3 Bd6 12.b4 Bc7 13.O-O Re8 14.e3 Qe7 15.cxd5 cxd5
16.Qb3 Qd6 17.Nb1 a6 18.Nc3 Nb6 19.a4 Rad8 20.a5 Nc8 21.b5 Bb8 22.Ba3 Qc7
23.Nxd5 Qxa5 24.Be7 Qxb5 25.Qxb5 axb5 26.Nxf6+ gxf6 27.Bxd8 Rxd8 28.Bxb7 Nd6
29.Bc6 Bc7 30.Rfb1 Rb8 31.Ra7 Bb6 32.Rd7 Bc5 33.Rb3 b4 34.d4 exd4 35.exd4 Bxd4
36.Rxd6  1-0

[Event "4NCL 2011-12"]
[Site "Hinkley ENG"]
[Date "2012.03.31"]
[Round "7.14"]
[White "Speelman,J"]
[Black "Rudd,J"]
[Result "1-0"]
[WhiteElo "2507"]
[BlackElo "2290"]

1.d4 Nf6 2.Nf3 e6 3.g3 c5 4.Bg2 Nc6 5.O-O d5 6.c4 dxc4 7.dxc5 Qxd1 8.Rxd1 Bxc5
9.Nbd2 O-O 10.Nxc4 Bd7 11.Bf4 Rfd8 12.Bd6 Ne4 13.Bxc5 Nxc5 14.Rac1 f6 15.Nd6 b6
16.Nd4 Nxd4 17.Rxd4 Rab8 18.b4 e5 19.bxc5 exd4 20.c6 Bg4 21.c7 Bxe2 22.Bd5+ Kf8
23.cxb8=Q Rxb8 24.Rc7 Bh5 25.Bf7 Bg6 26.Bxg6 hxg6 27.Rf7+ Kg8 28.Rd7  1-0